Statistics for Famous People from Africa

Click here to take the quiz!

General Stats

  • This quiz has been taken 5,975 times
    (5,959 since last reset)
  • The average score is 8 of 20

Answer Stats

Clue Nation Person % Correct
Became president after spending 27 years in prisonSouth AfricaNelson Mandela
100%
Egyptian pharaoh and lover of CaesarEgyptCleopatra
83%
Former Libyan dictator and colonel ousted in the Libyan civil warLibyaMuammar Gaddafi
70%
First black archbishop of Cape Town and apartheid opponentSouth AfricaDesmond Tutu
60%
UN Secretary General from 1997-2006GhanaKofi Annan
57%
Zimbabwe dictator whose policies have caused economic havocZimbabweRobert Mugabe
55%
Exiled Ugandan dictatorUgandaIdi Amin
54%
First African to score 100 Premier League goals for ChelseaIvory CoastDidier Drogba
47%
Former Ethiopian emperor and Rastafarian MessiahEthiopiaHaile Selassie
43%
First Egyptian president unseated during revolution in 2011EgyptHosni Mubarak
40%
Egyptian president and Nobel Peace Prize winnerEgyptAnwar Sadat
38%
Soulful singer of "Smooth Operator" and "The Sweetest Taboo"NigeriaSade
36%
Warrior king who united the Zulu peopleSouth AfricaShaka
34%
R&B singer of "Smack That" and "I Wanna Love You"SenegalAkon
27%
Former NBA center known as "The Dream"NigeriaHakeem Olajuwon
25%
Very skinny NBA player with an 8'6" wingspanSudanManute Bol
23%
Golfer with 9 major championshipsSouth AfricaGary Player
17%
Bishop of Hippo who wrote "Confessions"AlgeriaSt. Augustine
17%
"Blood Diamond" and "Gladiator" actorBeninDjimon Hounsou
15%
Director of "District 9" and "Elysium"South AfricaNeill Blomkamp
8%

Score Distribution

Percentile by Number Answered

Percent of People with Each Score

Your Score History

You have not taken this quiz since the last reset